|
|
|
|
| LEADER |
00000cam a2200000 a 4500 |
| 001 |
vtls001157382 |
| 003 |
SK-MaSNL |
| 005 |
20260301233702.0 |
| 008 |
240314s1991 ru 000 0 rus |
| 020 |
|
|
|a 5080014458
|
| 035 |
|
|
|a SNK000100284
|
| 035 |
|
|
|a urn:nbn:sk:snk-amlkg0
|
| 035 |
|
|
|a urn:nbn:sk:snk-am00bm06
|
| 035 |
|
|
|a D04E26FC-B15F-44E1-88BE-15223BEEF0B3
|
| 040 |
|
|
|a SNK
|b slo
|c SNK
|e AACR2
|
| 041 |
0 |
|
|a rus
|
| 044 |
|
|
|a ru
|c RU
|
| 100 |
1 |
|
|a Strmeňová, Jiřina,
|d 1925-
|4 aut
|9 250498
|
| 245 |
1 |
0 |
|a Ja-čelovek, ty-čelovek
|b Len ruská tiráž
|c Jiřina Strmeňová
|
| 260 |
|
|
|a Moskva
|b Detskaja literatura
|c 1991
|
| 655 |
|
7 |
|a publikácie pre deti
|2 SNKPH
|9 70148
|
| 919 |
|
|
|a 5-08-001445-8
|
| 958 |
|
|
|a OND
|
| 999 |
|
|
|c 967251
|d 969181
|
| 952 |
|
|
|a SNK
|b SNK
|y PREZ
|7 0
|p 17A0804236
|o snkSB 49549
|0 0
|1 0
|4 0
|d 2012-07-12
|f 1
|l 0
|r 2025-02-28 00:00:00
|w 2026-02-24
|
| 952 |
|
|
|t P60, <04>, [BOOK], {604}
|a SNK
|b SNK
|y VYP
|7 0
|p 17A0148877
|o snkSB 49549 D2
|0 0
|1 0
|4 0
|d 1998-07-06
|l 0
|r 2005-01-01 00:00:00
|w 2026-02-24
|
| 952 |
|
|
|t P60, <04>, [BOOK], {604}
|a SNK
|b SNK
|y VYP
|7 0
|p 17A0148876
|o snkSB 49549 D1
|0 0
|1 0
|4 0
|d 1998-07-06
|l 0
|r 2005-01-01 00:00:00
|w 2026-02-24
|